00657cam a22002054a 450000100090000000300050000900500170001400800410003101000170007202000310008904000180012005000230013808200120016110000190017324500870019226000530027930000330033250400660036565000200043115046646Nust20180117090010.0071016s2008 njua b 001 0 eng  a 2007939554 a9780691116402 (alk. paper) aDLCcDLCdDLC00aHB172.5b.W53 200800a3392221 aWickens, Mike.10aMacroeconomic theory :ba dynamic general equilibrium approach /cMichael Wickens. aPrinceton :bPrinceton University Press,cc2008. axv, 470 p. :bill. ;c27 cm. aIncludes bibliographical references (p. [459]-469) and index. 0aMacroeconomics.